[Event "AUT-chT2O 2223"]
[Site "Austria"]
[Date "2023.02.18"]
[Round "8.6"]
[White "Knoflicek, Ctibor"]
[Black "Ganaus, Hannes"]
[Result "1/2-1/2"]
[WhiteElo "2228"]
[BlackElo "2280"]
[PlyCount "36"]
[EventDate "2022.10.15"]
[EventType "team-tourn"]
[EventRounds "11"]
[EventCountry "AUT"]
[SourceTitle "CBM 213 Extra"]
[Source "ChessBase"]
[SourceDate "2023.05.31"]
[SourceVersion "1"]
[SourceVersionDate "2023.05.31"]
[SourceQuality "1"]
[WhiteTeam "Kottingbrunn"]
[BlackTeam "Pressbaum"]
[WhiteTeamCountry "AUT"]
[BlackTeamCountry "AUT"]

1. e4 c6 2. d4 d5 3. exd5 cxd5 4. Bd3 Nf6 5. h3 Nc6 6. c3 g6 7. Nf3 Bf5 8. 0-0 Bxd3 9. Qxd3 Bg7 10. Bf4 0-0 11. Nbd2 a6 12. Rfe1 Re8 13. Re2 Qb6 14. Nb3 Ne4 15. Rae1 a5 16. Nc1 a4 17. a3 e6 18. Qd1 Qb5 1/2-1/2

[Event "AUT-chT2O 1617"]
[Site "Austria"]
[Date "2017.01.14"]
[Round "6.4"]
[White "Kreindl, Helmut"]
[Black "Knoflicek, Ctibor"]
[Result "0-1"]
[WhiteElo "2226"]
[BlackElo "2212"]
[PlyCount "66"]
[EventDate "2016.10.15"]
[EventType "team-tourn"]
[EventRounds "11"]
[EventCountry "AUT"]
[SourceTitle "CBM 177 Extra"]
[Source "ChessBase"]
[SourceDate "2017.04.27"]
[SourceVersion "1"]
[SourceVersionDate "2017.04.27"]
[SourceQuality "1"]
[WhiteTeam "Tschaturanga"]
[BlackTeam "Favoriten"]
[WhiteTeamCountry "AUT"]
[BlackTeamCountry "AUT"]

1. d4 Nf6 2. Bg5 Ne4 3. Bf4 d5 4. e3 c5 5. c3 Nc6 6. Nd2 Nxd2 7. Qxd2 cxd4 8. exd4 Bf5 9. Nf3 e6 10. Bd3 Bxd3 11. Qxd3 Bd6 12. Bxd6 Qxd6 13. 0-0 h6 14. Rae1 0-0 15. Re3 Rab8 16. Ne5 Nxe5 17. dxe5 Qa6 18. Qxa6 bxa6 19. Re2 Rfc8 20. Rd1 Rc4 21. f3 a5 22. Kf2 a4 23. a3 Kh7 24. Ke3 Kg6 25. Rd4 Rxd4 26. Kxd4 Rc8 27. g4 Kg5 28. Ke3 g6 29. Rg2 Rc4 30. f4+ Kh4 31. Kf3 g5 32. fxg5 hxg5 33. Ke3 Rxg4 0-1

[Event "Vienna op-A"]
[Site "Vienna"]
[Date "2016.08.22"]
[Round "8"]
[White "Knoflicek, Ctibor"]
[Black "Trkulja, Goran"]
[Result "0-1"]
[WhiteElo "2200"]
[BlackElo "2335"]
[PlyCount "78"]
[EventDate "2016.08.16"]
[EventType "swiss"]
[EventRounds "9"]
[EventCountry "AUT"]
[SourceTitle "CBM 173 Extra"]
[Source "ChessBase"]
[SourceDate "2016.08.29"]
[SourceVersion "1"]
[SourceVersionDate "2016.08.29"]
[SourceQuality "1"]

1. d4 g6 2. c4 Bg7 3. Nf3 d6 4. g3 Nc6 5. d5 Ne5 6. Nxe5 Bxe5 7. Bg2 Bg7 8. 0-0 Nf6 9. Nc3 0-0 10. Be3 a6 11. Bd4 Bd7 12. e4 c5 13. dxc6 Bxc6 14. Qe2 Nd7 15. Bxg7 Kxg7 16. b4 b6 17. Rfd1 Ra7 18. Rac1 Qa8 19. Nd5 Bxd5 20. cxd5 a5 21. a3 axb4 22. axb4 Rc8 23. Rxc8 Qxc8 24. Qb2+ f6 25. Bh3 Qc4 26. Rd4 Qb5 27. Bxd7 Rxd7 28. Qc3 Ra7 29. Rc4 Kf7 30. Kg2 Ra2 31. h4 h5 32. Qd4 Qa6 33. Rc6 Ra1 34. Qxb6 Qf1+ 35. Kf3 Ra3+ 36. Kf4 Qh3 37. f3 g5+ 38. hxg5 fxg5+ 39. Kxg5 Rxf3 0-1

[Event "Vienna op-A"]
[Site "Vienna"]
[Date "2016.08.17"]
[Round "2"]
[White "Buhmann, Rainer"]
[Black "Knoflicek, Ctibor"]
[Result "1-0"]
[WhiteElo "2641"]
[BlackElo "2200"]
[PlyCount "83"]
[EventDate "2016.08.16"]
[EventType "swiss"]
[EventRounds "9"]
[EventCountry "AUT"]
[SourceTitle "CBM 173 Extra"]
[Source "ChessBase"]
[SourceDate "2016.08.29"]
[SourceVersion "1"]
[SourceVersionDate "2016.08.29"]
[SourceQuality "1"]

1. d4 Nf6 2. c4 e6 3. Nf3 b6 4. a3 Ba6 5. Qc2 Bb7 6. Nc3 c5 7. e4 cxd4 8. Nxd4 Bc5 9. Nf3 Nc6 10. b4 Nd4 11. Qd2 Nxf3+ 12. gxf3 Be7 13. Rg1 0-0 14. Bb2 a5 15. b5 Kh8 16. 0-0-0 d6 17. Kb1 Rg8 18. Qe3 Qc7 19. f4 Nd7 20. Bd3 Nc5 21. Bc2 e5 22. Nd5 Bxd5 23. exd5 e4 24. f3 Bf6 25. fxe4 Bxb2 26. Kxb2 Rge8 27. Qd4 f5 28. exf5 Qf7 29. Rde1 Qf6 30. Kc3 Rac8 31. h3 Rb8 32. Re6 Nxe6 33. dxe6 Qh6 34. Rg3 Rbd8 35. Bd3 Qf6 36. Be4 Re7 37. Qxf6 gxf6 38. Bc6 Rg8 39. Rxg8+ Kxg8 40. Kd4 Rg7 41. Kd5 Rg1 42. e7 1-0

[Event "Prague Holiday M11"]
[Site "Prague"]
[Date "2014.07.27"]
[Round "9"]
[White "Knoflicek, Ctibor"]
[Black "Hirn, Oskar"]
[Result "1/2-1/2"]
[WhiteElo "2183"]
[BlackElo "2219"]
[PlyCount "21"]
[EventDate "2014.07.20"]
[EventType "tourn"]
[EventRounds "9"]
[EventCountry "CZE"]
[SourceTitle "EXT 2023"]
[Source "ChessBase"]
[SourceDate "2022.10.05"]
[SourceVersion "1"]
[SourceVersionDate "2022.10.05"]
[SourceQuality "1"]

1. Nf3 Nf6 2. c4 g6 3. Nc3 Bg7 4. e4 d6 5. d4 0-0 6. Be2 Nbd7 7. Be3 e5 8. d5 Nc5 9. Nd2 a5 10. a3 Ne8 11. b4 1/2-1/2

[Event "Prague Holiday M11"]
[Site "Prague"]
[Date "2014.07.21"]
[Round "3"]
[White "Knoflicek, Ctibor"]
[Black "Kasparov, Sergey"]
[Result "0-1"]
[WhiteElo "2183"]
[BlackElo "2460"]
[PlyCount "134"]
[EventDate "2014.07.20"]
[EventType "tourn"]
[EventRounds "9"]
[EventCountry "CZE"]
[SourceTitle "EXT 2023"]
[Source "ChessBase"]
[SourceDate "2022.10.05"]
[SourceVersion "1"]
[SourceVersionDate "2022.10.05"]
[SourceQuality "1"]

1. e4 d5 2. exd5 Qxd5 3. Nc3 Qd6 4. d4 Nf6 5. Nf3 c6 6. Ne5 Nbd7 7. Nc4 Qc7 8. Qf3 Nb6 9. Ne5 Be6 10. Bf4 Qc8 11. 0-0-0 g6 12. h4 Bg7 13. Be2 h5 14. Rhe1 0-0 15. Bd3 Bf5 16. Bxf5 Qxf5 17. Bg5 Qxf3 18. Nxf3 e6 19. Ne5 Rfe8 20. Kb1 Nfd5 21. Nxd5 exd5 22. Bf4 Re6 23. c3 Rae8 24. Nd3 Nd7 25. Rxe6 Rxe6 26. Re1 Rxe1+ 27. Nxe1 Bf6 28. Nf3 Be7 29. g3 f6 30. Kc2 Kf7 31. Kd3 Ke6 32. Nh2 Kf5 33. f3 g5 34. Bc7 Kg6 35. Nf1 Nf8 36. Bb8 a6 37. Ne3 Ne6 38. Ng2 f5 39. f4 gxh4 40. Nxh4+ Bxh4 41. gxh4 Kf7 42. Ke3 Ke7 43. Be5 Nf8 44. Bg7 Ne6 45. Bh8 Kf7 46. Be5 Nf8 47. Bc7 Ke7 48. Kf3 Ng6 49. Kg3 Kd7 50. Be5 b6 51. b4 a5 52. a3 a4 53. Bf6 Kc7 54. Kf3 Kb7 55. Ke3 Ka6 56. Kd3 Nxf4+ 57. Ke3 Ne6 58. Be5 Kb5 59. Kd3 Nf8 60. Bf4 Ng6 61. Bg3 f4 62. Bf2 Ne7 63. Be1 Ng6 64. Bf2 f3 65. Bg3 Ne7 66. Bf2 Nf5 67. Be1 Nd6 0-1

[Event "Prague Holiday M21"]
[Site "Prague"]
[Date "2013.07.22"]
[Round "3"]
[White "Knoflicek, Ctibor"]
[Black "Nilsson, Anders"]
[Result "1/2-1/2"]
[WhiteElo "2170"]
[BlackElo "2192"]
[PlyCount "37"]
[EventDate "2013.07.21"]
[EventType "tourn"]
[EventRounds "9"]
[EventCountry "CZE"]
[SourceTitle "EXT 2023"]
[Source "ChessBase"]
[SourceDate "2022.10.05"]
[SourceVersion "1"]
[SourceVersionDate "2022.10.05"]
[SourceQuality "1"]

1. Nf3 Nf6 2. c4 c5 3. g3 b6 4. Bg2 Bb7 5. 0-0 e6 6. Nc3 Be7 7. Re1 0-0 8. e4 d6 9. d4 cxd4 10. Nxd4 Qc8 11. Be3 a6 12. Rc1 Nbd7 13. f4 Re8 14. g4 Nc5 15. Bf2 Rd8 16. g5 Ne8 17. Qe2 Ra7 18. b4 Nd7 19. Bh3 1/2-1/2

[Event "Prague Holiday M21"]
[Site "Prague"]
[Date "2013.07.21"]
[Round "1"]
[White "Knoflicek, Ctibor"]
[Black "Michalek, Frantisek"]
[Result "1-0"]
[WhiteElo "2170"]
[BlackElo "2072"]
[PlyCount "59"]
[EventDate "2013.07.21"]
[EventType "tourn"]
[EventRounds "9"]
[EventCountry "CZE"]
[SourceTitle "EXT 2023"]
[Source "ChessBase"]
[SourceDate "2022.10.05"]
[SourceVersion "1"]
[SourceVersionDate "2022.10.05"]
[SourceQuality "1"]

1. Nf3 Nf6 2. c4 e6 3. g3 b6 4. Bg2 Bb7 5. 0-0 Be7 6. Nc3 0-0 7. Re1 d5 8. cxd5 Nxd5 9. e4 Nxc3 10. bxc3 Qd3 11. Ne5 Qd8 12. d4 Nd7 13. Nc4 c5 14. Bf4 cxd4 15. cxd4 Nf6 16. Qb3 Rc8 17. Rad1 Ba6 18. Ne5 b5 19. d5 exd5 20. exd5 Bc5 21. Nc6 Qd7 22. Rc1 Bd6 23. Bg5 Qf5 24. Bf4 Qd7 25. Bxd6 Qxd6 26. Nxa7 Rxc1 27. Rxc1 Ng4 28. h3 Qb6 29. hxg4 Qxa7 30. Qa3 1-0

[Event "AUT-chT2O 0506"]
[Site "Austria"]
[Date "2006.02.26"]
[Round "9.3"]
[White "Knoflicek, Ctibor"]
[Black "Wiedner, Robert"]
[Result "1/2-1/2"]
[WhiteElo "2192"]
[BlackElo "2181"]
[PlyCount "33"]
[EventDate "2005.11.19"]
[EventType "team"]
[EventRounds "11"]
[EventCountry "AUT"]
[SourceTitle "EXT 2006"]
[Source "ChessBase"]
[SourceDate "2005.11.24"]
[SourceVersion "1"]
[SourceVersionDate "2005.11.24"]
[SourceQuality "1"]
[WhiteTeam "Donau"]
[BlackTeam "Wiener Neustadt"]
[WhiteTeamCountry "AUT"]
[BlackTeamCountry "AUT"]

1. Nf3 g6 2. c4 Bg7 3. e4 d6 4. d4 Nd7 5. Nc3 e5 6. Be2 exd4 7. Nxd4 Ngf6 8. 0-0 Nc5 9. f3 0-0 10. Kh1 Re8 11. Bg5 h6 12. Bh4 Ne6 13. Nxe6 Bxe6 14. Nd5 Bxd5 15. cxd5 g5 16. Bf2 Nh5 17. Bd4 1/2-1/2

[Event "AUT-chT2O 0506"]
[Site "Austria"]
[Date "2006.01.14"]
[Round "5.1"]
[White "Smolen, Jan"]
[Black "Knoflicek, Ctibor"]
[Result "1-0"]
[WhiteElo "2324"]
[BlackElo "2192"]
[PlyCount "89"]
[EventDate "2005.11.19"]
[EventType "team"]
[EventRounds "11"]
[EventCountry "AUT"]
[SourceTitle "EXT 2006"]
[Source "ChessBase"]
[SourceDate "2005.11.24"]
[SourceVersion "1"]
[SourceVersionDate "2005.11.24"]
[SourceQuality "1"]
[WhiteTeam "Pamhagen"]
[BlackTeam "Donau"]
[WhiteTeamCountry "AUT"]
[BlackTeamCountry "AUT"]

1. d4 Nf6 2. c4 e6 3. Nc3 Bb4 4. Qc2 c5 5. dxc5 Na6 6. a3 Qa5 7. Bd2 Nxc5 8. Nf3 d6 9. Rd1 Bxc3 10. Bxc3 Qa4 11. Qxa4+ Nxa4 12. Bxf6 gxf6 13. b3 Nc5 14. Nd2 a5 15. g3 Bd7 16. Bg2 Bc6 17. 0-0 Ke7 18. e4 Rhc8 19. b4 axb4 20. axb4 Nd3 21. b5 Bd7 22. e5 Nc5 23. exd6+ Kxd6 24. Ne4+ Ke7 25. Nd6 Rcb8 26. Rfe1 Ra4 27. Be4 Nxe4 28. Rxe4 Be8 29. Red4 b6 30. R4d2 Kf8 31. Kf1 Rd8 32. Ke2 Ra7 33. Ke3 Rad7 34. Ne4 Rxd2 35. Rxd2 Rxd2 36. Kxd2 Ke7 37. Nc3 Kd6 38. Na4 Kc7 39. Kc3 Bd7 40. Kb4 f5 41. c5 bxc5+ 42. Kxc5 Bxb5 43. Kxb5 Kd6 44. Kc4 Ke5 45. Nc5 1-0

[Event "AUT-chT2O 0506"]
[Site "Austria"]
[Date "2005.10.08"]
[Round "1.3"]
[White "Wanderer, Thomas"]
[Black "Knoflicek, Ctibor"]
[Result "1/2-1/2"]
[WhiteElo "2240"]
[BlackElo "2192"]
[PlyCount "35"]
[EventDate "2005.11.19"]
[EventType "team"]
[EventRounds "11"]
[EventCountry "AUT"]
[SourceTitle "EXT 2006"]
[Source "ChessBase"]
[SourceDate "2005.11.24"]
[SourceVersion "1"]
[SourceVersionDate "2005.11.24"]
[SourceQuality "1"]
[WhiteTeam "Eichgraben"]
[BlackTeam "Donau"]
[WhiteTeamCountry "AUT"]
[BlackTeamCountry "AUT"]

1. e4 e5 2. Bc4 Nf6 3. d3 Nc6 4. Nc3 Bb4 5. Nge2 d5 6. exd5 Nxd5 7. Bxd5 Qxd5 8. 0-0 Qd8 9. f4 Bg4 10. Qe1 0-0 11. Qg3 Bxe2 12. Nxe2 Bd6 13. f5 e4 14. Qg4 exd3 15. f6 g6 16. cxd3 Re8 17. Bh6 Ne5 18. Qh4 1/2-1/2

[Event "Vienna op 14th"]
[Site "Vienna"]
[Date "2003.08.23"]
[Round "8"]
[White "Bensch, Patrick"]
[Black "Knoflicek, Ctibor"]
[Result "1-0"]
[WhiteElo "2302"]
[BlackElo "2175"]
[PlyCount "87"]
[EventDate "2003.08.16"]
[EventType "swiss"]
[EventRounds "9"]
[EventCountry "AUT"]
[SourceTitle "CBM 095 Extra"]
[Source "ChessBase"]
[SourceDate "2003.09.04"]
[SourceVersion "1"]
[SourceVersionDate "2003.09.04"]
[SourceQuality "1"]

1. e4 c6 2. d4 d5 3. exd5 cxd5 4. c4 Nf6 5. Nc3 Nc6 6. Nf3 Bg4 7. cxd5 Nxd5 8. Qb3 Bxf3 9. gxf3 Nb6 10. d5 Nd4 11. Qd1 e5 12. dxe6 Nxe6 13. Be3 Qxd1+ 14. Rxd1 Bc5 15. Bd3 Bxe3 16. fxe3 Ke7 17. Ke2 Nc5 18. Bc2 Rad8 19. Ne4 Nxe4 20. Bxe4 Nc4 21. b3 Nd6 22. Bd3 Rc8 23. Rc1 Ke6 24. e4 Ke5 25. Ke3 g5 26. h4 h6 27. hxg5 hxg5 28. Rxc8 Rxc8 29. Rh5 f5 30. Rxg5 Kf6 31. Rg1 fxe4 32. fxe4 Ke5 33. Rg5+ Kf6 34. Rd5 Ke6 35. Kd4 Rc1 36. Rh5 Rd1 37. Rh6+ Ke7 38. a4 a5 39. Rg6 Kd7 40. Kc3 Re1 41. Kd2 Rh1 42. e5 Nc8 43. Bf5+ Kc7 44. Rg7+ 1-0

[Event "Vienna op 14th"]
[Site "Vienna"]
[Date "2003.08.17"]
[Round "2"]
[White "Wittmann, Walter"]
[Black "Knoflicek, Ctibor"]
[Result "1/2-1/2"]
[WhiteElo "2359"]
[BlackElo "2175"]
[PlyCount "52"]
[EventDate "2003.08.16"]
[EventType "swiss"]
[EventRounds "9"]
[EventCountry "AUT"]
[SourceTitle "CBM 095 Extra"]
[Source "ChessBase"]
[SourceDate "2003.09.04"]
[SourceVersion "1"]
[SourceVersionDate "2003.09.04"]
[SourceQuality "1"]

1. e4 c6 2. d4 d5 3. Nd2 dxe4 4. Nxe4 Bf5 5. Ng3 Bg6 6. h4 h6 7. Nf3 Nd7 8. h5 Bh7 9. Bd3 Bxd3 10. Qxd3 e6 11. Bf4 Qa5+ 12. Bd2 Qc7 13. 0-0-0 0-0-0 14. Ne4 Ngf6 15. g3 Nxe4 16. Qxe4 Bd6 17. c4 Nf6 18. Qe2 c5 19. Bc3 cxd4 20. Nxd4 a6 21. Nf3 Qc6 22. Ne5 Bxe5 23. Bxe5 Rhg8 24. Bxf6 gxf6 25. b3 Qc5 26. Kb2 Qe5+ 1/2-1/2

[Event "AUT-chT2O 0203"]
[Site "Austria"]
[Date "2002.10.25"]
[Round "1.6"]
[White "Knoflicek, Ctibor"]
[Black "Froschauer, Hans"]
[Result "1/2-1/2"]
[WhiteElo "2185"]
[BlackElo "2123"]
[PlyCount "53"]
[EventDate "2002.10.25"]
[EventType "team-tourn"]
[EventRounds "11"]
[EventCountry "AUT"]
[SourceTitle "EXT 2020"]
[Source "ChessBase"]
[SourceDate "2019.10.17"]
[SourceVersion "1"]
[SourceVersionDate "2019.10.17"]
[SourceQuality "1"]
[WhiteTeam "Donau"]
[BlackTeam "Lackenbach"]
[WhiteTeamCountry "AUT"]
[BlackTeamCountry "AUT"]

1. Nf3 Nf6 2. c4 g6 3. Nc3 Bg7 4. e4 d6 5. d4 0-0 6. Be2 c6 7. 0-0 Qc7 8. h3 e5 9. Be3 Nbd7 10. d5 c5 11. Ne1 Re8 12. a3 a6 13. b4 Rb8 14. Rc1 b6 15. Nd3 h6 16. Qd2 Kh7 17. Rb1 Rb7 18. Rfc1 Ng8 19. g4 Ne7 20. Kh2 Rg8 21. bxc5 bxc5 22. Rxb7 Bxb7 23. Rb1 f5 24. gxf5 gxf5 25. exf5 Nf6 26. Bf3 Bc8 27. Ne4 1/2-1/2

[Event "AUT-chT2O 0102"]
[Site "Austria"]
[Date "2002.03.09"]
[Round "10.6"]
[White "Knoflicek, Ctibor"]
[Black "Angerer, Michael"]
[Result "1/2-1/2"]
[WhiteElo "2163"]
[BlackElo "2067"]
[PlyCount "27"]
[EventDate "2001.11.??"]
[EventType "team"]
[EventRounds "11"]
[EventCountry "AUT"]
[SourceTitle "EXT 2003"]
[Source "ChessBase"]
[SourceDate "2002.11.25"]
[SourceVersion "1"]
[SourceVersionDate "2002.11.25"]
[SourceQuality "1"]

1. e4 e6 2. d4 d5 3. Nc3 Nf6 4. e5 Nfd7 5. f4 c5 6. Nf3 Nc6 7. Be3 cxd4 8. Nxd4 a6 9. Qd2 Qc7 10. 0-0-0 Ndb8 11. Kb1 Bb4 12. a3 Be7 13. Nb3 Nd7 14. Qf2 1/2-1/2

[Event "AUT-chT2O 0102"]
[Site "Austria"]
[Date "2001.11.17"]
[Round "4.6"]
[White "Knoflicek, Ctibor"]
[Black "Koller, Hubert"]
[Result "1-0"]
[WhiteElo "2164"]
[BlackElo "2112"]
[PlyCount "80"]
[EventDate "2001.11.??"]
[EventType "team"]
[EventRounds "11"]
[EventCountry "AUT"]
[SourceTitle "EXT 2003"]
[Source "ChessBase"]
[SourceDate "2002.11.25"]
[SourceVersion "1"]
[SourceVersionDate "2002.11.25"]
[SourceQuality "1"]

1. e4 g6 2. d4 Bg7 3. Nc3 c6 4. Nf3 d5 5. h3 dxe4 6. Nxe4 Nd7 7. Bc4 Nh6 8. Bf4 0-0 9. Qd2 Nb6 10. Bb3 Nf5 11. 0-0-0 Nd5 12. Bxd5 Qxd5 13. Nc3 Qa5 14. g4 Nd6 15. Kb1 Nc4 16. Qe1 Qb4 17. b3 a5 18. Na4 Na3+ 19. Kb2 Nb5 20. c3 Qa3+ 21. Kb1 h5 22. Bc1 Qd6 23. Ne5 Be6 24. Rg1 hxg4 25. hxg4 Na3+ 26. Kb2 b5 27. Nc5 a4 28. Nxg6 axb3 29. axb3 Rfb8 30. Bf4 Nc4+ 31. Kb1 Qd8 32. Nxe6 Ra1+ 33. Kxa1 Qa5+ 34. Kb1 fxg6 35. Bxb8 Qa3 36. bxc4 Qb3+ 37. Kc1 bxc4 38. Nxg7 Qa3+ 39. Kd2 Qb2+ 40. Ke3 Qxb8 1-0

[Event "AUT-chT2O 0001"]
[Site "Austria"]
[Date "2000.??.??"]
[Round "?"]
[White "Bachofner, Christian"]
[Black "Knoflicek, Ctibor"]
[Result "1/2-1/2"]
[WhiteElo "2070"]
[BlackElo "2165"]
[PlyCount "34"]
[EventDate "2000.??.??"]
[EventType "team"]
[EventRounds "11"]
[EventCountry "AUT"]
[SourceTitle "EXT 2002"]
[Source "ChessBase"]
[SourceDate "2001.11.25"]
[SourceVersion "1"]
[SourceVersionDate "2001.11.25"]
[SourceQuality "1"]

1. e4 c6 2. d4 d5 3. Nc3 dxe4 4. Nxe4 Bf5 5. Ng3 Bg6 6. h4 h6 7. f4 e6 8. Nf3 Nd7 9. h5 Bh7 10. Bd3 Bxd3 11. Qxd3 Qc7 12. Bd2 0-0-0 13. Qe2 Ngf6 14. 0-0-0 Kb8 15. Ne5 Nxe5 16. dxe5 Nd5 17. c4 Nb4 1/2-1/2

[Event "AUT-chT2O 0001"]
[Site "Austria"]
[Date "2000.??.??"]
[Round "3"]
[White "Froschauer, Hans"]
[Black "Knoflicek, Ctibor"]
[Result "0-1"]
[WhiteElo "2175"]
[BlackElo "2155"]
[PlyCount "38"]
[EventDate "2000.??.??"]
[EventType "team"]
[EventRounds "11"]
[EventCountry "AUT"]
[SourceTitle "EXT 2003"]
[Source "ChessBase"]
[SourceDate "2002.11.25"]
[SourceVersion "1"]
[SourceVersionDate "2002.11.25"]
[SourceQuality "1"]

1. e4 e6 2. d4 d5 3. Nd2 Nf6 4. e5 Nfd7 5. Ngf3 c5 6. c3 Nc6 7. a3 f6 8. exf6 Qxf6 9. Nb3 h6 10. Be3 cxd4 11. cxd4 Bd6 12. Rc1 0-0 13. Bb5 e5 14. dxe5 Ndxe5 15. Qxd5+ Be6 16. Qxd6 Rad8 17. Qc5 Rd5 18. Nxe5 Rxe5 19. Qc3 Qxf2+ 0-1

[Event "AUT-chT2O 9900"]
[Site "Austria"]
[Date "1999.11.13"]
[Round "3.1"]
[White "Knoflicek, Ctibor"]
[Black "Sommerbauer, Norbert"]
[Result "0-1"]
[WhiteElo "2165"]
[BlackElo "2401"]
[PlyCount "64"]
[EventDate "1999.??.??"]
[EventType "team"]
[EventRounds "11"]
[EventCountry "AUT"]
[SourceTitle "EXT 2001"]
[Source "ChessBase"]
[SourceDate "2000.11.22"]
[SourceVersion "1"]
[SourceVersionDate "2000.11.22"]
[SourceQuality "1"]

1. e4 c5 2. Nf3 a6 3. c4 e6 4. d4 cxd4 5. Nxd4 Nf6 6. Nc3 Qc7 7. Be3 b6 8. f4 Bb7 9. Bd3 Bb4 10. e5 Ne4 11. Qc2 Nxc3 12. bxc3 Be7 13. 0-0 Nc6 14. Rab1 Na5 15. Nb3 Nxc4 16. Bxc4 Qxc4 17. Na5 Qe4 18. Qxe4 Bxe4 19. Rxb6 Bd8 20. Nb7 Bxb6 21. Nd6+ Kf8 22. Bxb6 Bc6 23. f5 exf5 24. c4 g6 25. g4 Rb8 26. c5 Bd5 27. gxf5 gxf5 28. Rf2 Rg8+ 29. Kf1 Rg4 30. Nxf5 Ra4 31. c6 Rxb6 32. cxd7 Rb1+ 0-1

[Event "AUT-chT2O 9899"]
[Site "Austria"]
[Date "1999.??.??"]
[Round "8"]
[White "Jansa, Vlastimil"]
[Black "Knoflicek, Ctibor"]
[Result "1-0"]
[WhiteElo "2490"]
[BlackElo "2165"]
[PlyCount "63"]
[EventDate "1998.10.??"]
[EventType "team"]
[EventRounds "11"]
[EventCountry "AUT"]
[SourceTitle "EXT 2000"]
[Source "ChessBase"]
[SourceDate "1999.11.16"]
[SourceVersion "1"]
[SourceVersionDate "1999.11.16"]
[SourceQuality "1"]

1. Nf3 d5 2. g3 c6 3. Bg2 Bg4 4. 0-0 Nd7 5. d3 e6 6. c4 Ngf6 7. Nc3 Bd6 8. cxd5 exd5 9. h3 Bh5 10. e4 0-0 11. g4 Bg6 12. g5 Nh5 13. exd5 cxd5 14. Nxd5 Nc5 15. Nh4 Ne6 16. Qg4 Re8 17. Be3 Nc5 18. Rfd1 Rc8 19. Rac1 b6 20. b4 Nd7 21. Rxc8 Qxc8 22. Rc1 Qd8 23. d4 Nf8 24. Nf5 Bxf5 25. Qxf5 Qd7 26. Qxd7 Nxd7 27. Rc6 Bb8 28. Bf3 g6 29. Bg4 Rd8 30. Bxd7 Rxd7 31. Rc8+ Kg7 32. Nf6 1-0

[Event "AUT-chT2O 9900"]
[Site "Austria"]
[Date "1999.??.??"]
[Round "?"]
[White "Knoflicek, Ctibor"]
[Black "Polak, Tomas"]
[Result "1/2-1/2"]
[WhiteElo "2165"]
[BlackElo "2488"]
[PlyCount "89"]
[EventDate "1999.??.??"]
[EventType "team"]
[EventRounds "11"]
[EventCountry "AUT"]
[SourceTitle "EXT 2001"]
[Source "ChessBase"]
[SourceDate "2000.11.22"]
[SourceVersion "1"]
[SourceVersionDate "2000.11.22"]
[SourceQuality "1"]

1. Nf3 d5 2. g3 c6 3. Bg2 Nf6 4. c4 e6 5. b3 Be7 6. Bb2 Nbd7 7. 0-0 0-0 8. d3 b6 9. Nbd2 Bb7 10. Rc1 Rc8 11. Qc2 c5 12. cxd5 Nxd5 13. Qb1 Bf6 14. Ne4 Bxb2 15. Qxb2 Qe7 16. Rfd1 e5 17. a3 a5 18. Nc3 Nxc3 19. Qxc3 Rfd8 20. Nd2 Bxg2 21. Kxg2 Nb8 22. Nc4 f6 23. Kg1 Qa7 24. e3 Nc6 25. a4 Rd7 26. Rd2 Rcd8 27. Na3 Kh8 28. Nb5 Qb7 29. Rcd1 Nb4 30. Qc4 h6 31. d4 cxd4 32. exd4 Qf3 33. Qe6 e4 34. Re1 Nd5 35. Qxe4 Qxb3 36. Qc2 Qf3 37. Rde2 Qh5 38. Qc6 Qf7 39. Re6 Qf8 40. Qxd7 Rxd7 41. Re8 Kg8 42. Kf1 Nc7 43. Rxf8+ Kxf8 44. Nxc7 Rxc7 45. d5 1/2-1/2

[Event "AUT-chT2O 9899"]
[Site "Austria"]
[Date "1998.??.??"]
[Round "1"]
[White "Neulinger, Manfred"]
[Black "Knoflicek, Ctibor"]
[Result "1/2-1/2"]
[WhiteElo "2270"]
[BlackElo "2165"]
[PlyCount "85"]
[EventDate "1998.10.??"]
[EventType "team"]
[EventRounds "11"]
[EventCountry "AUT"]
[SourceTitle "EXT 2000"]
[Source "ChessBase"]
[SourceDate "1999.11.16"]
[SourceVersion "1"]
[SourceVersionDate "1999.11.16"]
[SourceQuality "1"]

1. e4 c6 2. d4 d5 3. e5 Bf5 4. c4 e6 5. Nc3 Nd7 6. h4 h5 7. Bg5 Be7 8. Qd2 dxc4 9. Bxc4 Nb6 10. Bb3 Bxg5 11. hxg5 Ne7 12. Nge2 Qd7 13. Ng3 0-0-0 14. 0-0-0 h4 15. Nge4 Bxe4 16. Nxe4 Nf5 17. Rh3 Kb8 18. Rd3 Qe7 19. Kb1 Nd5 20. a3 Nc7 21. Bc4 b6 22. Qf4 Rd7 23. Nc3 Rhd8 24. g4 hxg3 25. fxg3 Qf8 26. g4 Ne7 27. Rf1 Ng6 28. Qe4 Nd5 29. Bxd5 cxd5 30. Qe2 a6 31. Rdf3 Kb7 32. Na4 Ka7 33. Qd3 Qe8 34. Qb3 Rb8 35. Nc3 Rc7 36. Qc2 Rbb7 37. Qf2 Qh8 38. Qe3 Qh4 39. Rg1 Qh8 40. Rgf1 Qh4 41. Rg1 Qh8 42. Rgf1 Qh4 43. Rg1 1/2-1/2